000 00450nam a2200181Ia 4500
003 GCL
008 140319s9999 xx 000 0 eng d
040 _aGCL /
_cGCL
082 0 4 _a821
_bB S
100 1 _aBROWNING, ROBERT
245 1 0 _aSELECTED POEMS /
_cBROWNING, ROBERT
260 _a[S.N] :
_bPENGUIN BOOKS ،
_c1938
300 _a245 P
650 0 4 _aENGLISH LITERATURE
650 0 4 _aLITERATURE
650 0 4 _aENGLISH POEMS
942 _2ddc
_cBK
999 _c14997
_d14997